Statistics for Star Wars: Episode II – Attack of the Clones

Click here to take the quiz!

General Stats

  • This quiz has been taken 202 times
  • The average score is 19 of 25

Answer Stats

HintAnswer% Correct
Person targeted by 2 assassination attemptsPadmé Amidala
96%
Bounty hunter who's the template for the clonesJango Fett
94%
Count, and former JediDooku
92%
Body part that Anakin gets cut offHis right hand
89%
Unusual color of his lightsaberPurple
89%
Person who leads a Jedi strike team to this placeMace Windu
88%
Planet where they get marriedNaboo
87%
Planet on which these attempts occurCoruscant
84%
People who kidnapped Anakin's motherTusken Raiders
83%
Planet where the clone army is producedKamino
82%
Person who leads the clone army in this battleYoda
82%
Only witnesses of the secret marriage of Padmé and AnakinC-3PO
80%
Only witnesses of the secret marriage of Padmé and AnakinR2-D2
80%
His Sith nameDarth Tyranus
78%
Complete the quotes:“Begun the {Clone} {War} has.”
77%
What Dexter Jettster runsA diner
71%
Planet on which Kenobi is capturedGeonosis
71%
What is assembled in this planet's foundriesDroid army
70%
Complete the quotes:“I promise you, I will even learn to stop people from {dying}.”
69%
Person who calls for Palpatine to be
given emergency powers
Jar Jar Binks
67%
Jedi who commissioned the creation of this armySifo-Dyas
63%
Complete the quotes:“You don't want to sell me {death} sticks.”
63%
Movement that he leadsSeparatist movement
61%
Bounty hunter with the ability to alter her appearanceZam Wesell
58%
Place where Anakin, Obi-Wan and Padmé are sent to be executed
Petranaki Arena
53%

Score Distribution

Percentile by Number Answered

Percent of People with Each Score

Your Score History

You have not taken this quiz